000 01893cam a2200373 a 4500
001 14219342
003 ARRUPE
005 20170214113752.0
008 060105s2001 rh b 000 0 eng d
010 _a 2005325553
020 _a0797423117
035 _a(OCoLC)ocm55794641
040 _aFUG
_cFUG
_dOCLCQ
_dDLC
042 _alccopycat
_alcode
043 _af-rh---
050 0 0 _aHD992.Z63
_bC48 2001
100 1 _aChigwedere, A. S.
_q(Aeneas S.)
_923013
245 1 0 _aBritish betrayal of the Africans :
_bland, cattle, human rights : case for Zimbabwe /
_cby Aeneas Chigwedere.
246 3 0 _aLand, cattle, human rights :
_bcase for Zimbabwe
260 _aMarondera [Zimbabwe] :
_bMutapa Pub. House,
_c2001.
300 _avii, 51 p. ;
_c21 cm.
504 _aIncludes bibliographical references (p. 51).
505 0 _aIntroduction -- English political economy -- The Rudd Concession and Charter -- The Lippert Concession -- Seizure of land -- Seizure of cattle -- Human rights -- Concluding remarks.
520 _aDiscusses the occupation and colonisation of Zimbabwe by the British and concludes that in the light of this history, the Zimbabwe Government owes nothing to the commercial farmers. Instead, it is argued that Britain owes the commercial farmers and that Zimbabwean Africans deserve reparations from Britain for the servitude they were subjected to for over 90 years.
650 0 _aLand reform
_zZimbabwe.
_911113
650 0 _aLand tenure
_xGovernment policy
_zZimbabwe.
_928814
651 0 _aZimbabwe
_xRace relations.
_98885
651 0 _aZimbabwe
_xForeign relations
_zGreat Britain.
_928815
651 0 _aGreat Britain
_xForeign relations
_zZimbabwe.
_928816
651 0 _aZimbabwe
_xHistory
_y20th century.
_928817
906 _a7
_bcbc
_ccopycat
_d2
_encip
_f20
_gy-gencatlg
942 _2lcc
_cMONOGRAPH
999 _c126113
_d126113